000 00584nam a22001937a 4500
003 OSt
005 20210426095231.0
008 210210s1974 ||||| |||| 00| 0 eng d
040 _aeng
_beng
_cDLC
041 _aeng
080 _a821.111
_bH-64
100 _9818
_aHeyerdahl, Thor
245 _aFatu-Hiva / Back to Nature
_c/ by: Doubleday and Company Inc
260 _aGarden City, New York
_b Doubleday and Company Inc
_c1974
300 _a276 p.
_bill.
650 0 _9247
_aEnglish literature
653 _aინგლისური ლიტერატურა
942 _2udc
_cBK
999 _c1312
_d1312